Statistics for General NBA Quiz

Click here to take the quiz!

General Stats

  • This quiz has been taken 1,352 times
  • The average score is 8 of 15

Answer Stats

HintAnswer% Correct
What team has the most championships?Boston Celtics
99%
What team has the second most championships?Los Angeles Lakers
99%
Who has came the closest to Wilt Chamberlain's record for most points scored in one game?Kobe Bryant
97%
What coach has the record for most championships?Phil Jackson
82%
What is the nickname given to Golden State Warriors guards Stephen Curry and Klay Thompson?The Splash Brothers
77%
Who won the first three 3-point shootouts?LarryBird
71%
How many of the current NBA teams have never won a NBA Championship?13
64%
What well-known actor has won the most Celebrity All-Star Game MVP Awards?Kevin Hart
55%
What team made history by signing the first full-time female coach?San Antonio Spurs
41%
What team owns the record for the largest margin of loss on Christmas Day?New York Knicks
36%
What team made history by having its starting lineup named the Players of the Month?Atlanta Hawks
28%
Who was the first player to start in the NBA Finals, win the NBA Finals MVP Award, and never started in the regular season?Andre Iguodala
26%
Who has the record for most points scored in the NBA All-Star Game?Wilt Chamberlain
21%
Who has the record for most points scored in a half in the NBA All-Star Game?Russell Westbrook
19%
In 2011 the Cleveland Cavaliers recorded the most consecutive losses in one season. In 2014 what team tied the record?Philadelphia 76ers
14%

Score Distribution

Percentile by Number Answered

Percent of People with Each Score

Your Score History

You have not taken this quiz